• 首页
  • 本馆介绍
  • 公告通知
  • 最新文献
  • 馆藏检索
  • 电子资源
  • 读者导购
  • 参考咨询
  • 我的图书馆
  • 登录
  • 详细信息显示
  • 放入我的书架
  • 预约/预借图书
  • 作者相关作品
  • 分类相关作品
  • 丛书相关作品
  • 出版社相关作品

书目信息

  • 表格格式
  • 工作单格式
  • 卡片格式
题名:
湖泊调查技术规程
    
 
作者: ;中科院 编
分册:  
出版信息: 北京   科学出版社  2015
页数: 170页
开本: 26cm
丛书名:
单 册:
中图分类: P942.078
科图分类:
主题词: 湖泊--hu bo--调查--规程--中国
电子资源:
ISBN: 978-7-03-044438-7
000 00848nam0 22002291 450
001 0116132757
005 20161219103225.76
010    @a978-7-03-044438-7@dCNY68.00
100    @a20150714d2015 em y0chiy50 ea
101 0  @achi
102    @aCN@b110000
105    @ay z 000yy
106    @ar
200 1  @a湖泊调查技术规程@9hu bo tiao cha ji shu gui cheng@f中国科学院南京地理与湖泊研究所编
210    @a北京@c科学出版社@d2015
215    @a170页@d26cm
330    @a本书共7章,内容包括湖泊水质调查规程、湖泊水量调查规程、湖泊生物资源调查规程、湖泊沉积物量调查规程、湖泊沉积物质量调查规程、湖泊卫星遥感调查技术规程、湖泊数据整编技术规程等。
606 0  @a湖泊@9hu bo@x调查@x规程@y中国
690    @aP942.078@v5
711 02 @a中科院@9zhong ke yuan@b南京地理与湖泊研究所@4编
801  0 @aCN@bTANGWEI@c20160820
905    @b0953014-8@dP942.078@e161@f5
    
    湖泊调查技术规程/中国科学院南京地理与湖泊研究所编.-北京:科学出版社,2015
    170页;26cm
    
    
    ISBN 978-7-03-044438-7:CNY68.00
    本书共7章,内容包括湖泊水质调查规程、湖泊水量调查规程、湖泊生物资源调查规程、湖泊沉积物量调查规程、湖泊沉积物质量调查规程、湖泊卫星遥感调查技术规程、湖泊数据整编技术规程等。
●
相关链接 在E读中查询图书 在五车中查询图书 在当当中查询图书 在豆瓣中查询图书


正题名:湖泊调查技术规程     索取号:P942.078/161         预约/预借

序号 登录号 条形码 馆藏地/架位号 状态 备注
1 0953014   209530140   第二样本阅览室/ [索取号:P942.078/161] 在馆    
2 0953015   209530159   第三借阅区/ [索取号:P942.078/161] 在馆    
3 0953016   209530168   第三借阅区/ [索取号:P942.078/161] 在馆    
4 0953017   209530177   第三借阅区/ [索取号:P942.078/161] 在馆    
5 0953018   209530186   第三借阅区/ [索取号:P942.078/161] 在馆    
唐山师范学院图书馆 欢迎您!
大连网信软件有限公司© 版权所有